000 01197nam2a22002531 4500
001 rc\3487839
005 20250610011642.0
035 _a(NLR Aleph) 007605438
090 _a5759956
_c5759956
100 _a20130115d1974 |||y0rusy50 ca
101 0 _arus
102 _aRU
105 _ay z |||||
200 0 _a...1970-1973 гг.
_f[Сост. Е. Садахина]
210 _d1974
_aБ. м.
215 _a15 с.
461 0 _1001rc\3487838
_12001#$aНаучная организация труда и управления в государственных учреждениях$eКниги и журн. статьи...$eНа рус. яз. и яз. других народов СССР$v...1970-1973 гг.
_95759947
_cЧимкент
_d1974
_nБ. и.
_oКниги и журн. статьи... : На рус. яз. и яз. других народов СССР
_tНаучная организация труда и управления в государственных учреждениях
_v...1970-1973 гг.
702 1 _aСадахина
_bЕ.
_4220
801 0 _aRU
_bNLR
_gpsbo
801 1 _aRU
_bELAR
_2rusmarc
852 _aNLR
_jС737-420/Т-32
942 _cBOOK
980 _aNB